00488 2200181 4500245004300000020002200043250001100065100002400076700001700100700001800117650002100135005001900156260007600175041001400251084001000265300002200275336000900297 aMakan Yuk !cNuraini WidaningsihhText a978-602-137-797-7 aCet. 1 aNuraini Widaningsih aAgus Willy K aDony Setiawan aCerita Bergambar a20240926121329 aJakartabKementerian Pendidikan, Kebudayaan, Riset, dan Teknologic2019 aIndonesia a741.5 a30 hlm :c29,7 cm atext